000
00263nam a2200097Ia 4500
082
_a
306.7 HARV
245
0
_a
Act like a lady, think like a man
100
_a
HARVEY, Steve New York, 2009
_9
62232
942
_c
BK
008
210817s9999 xx 000 0 und d
999
_c
196605
_d
196604